[Event "SLO-ch U20 qual"]
[Site "Otocec"]
[Date "2010.07.10"]
[Round "8"]
[White "Urbanc, Peter"]
[Black "Budkovic, Tine"]
[Result "1-0"]
[WhiteElo "1906"]
[BlackElo "2068"]
[PlyCount "119"]
[EventDate "2010.07.06"]
[EventType "swiss"]
[EventRounds "9"]
[EventCountry "SLO"]
[SourceTitle "EXT 2012"]
[Source "ChessBase"]
[SourceDate "2011.11.24"]
[SourceVersion "1"]
[SourceVersionDate "2011.11.24"]
[SourceQuality "1"]

1. c4 c6 2. Nc3 d5 3. b3 Nf6 4. Nf3 Bf5 5. e3 e6 6. Be2 Be7 7. 0-0 h6 8. d4 0-0 9. Bb2 Nbd7 10. a4 Qa5 11. Na2 Ne4 12. c5 Qc7 13. b4 a5 14. b5 b6 15. cxb6 Qxb6 16. Rc1 Rfc8 17. Nc3 Ndf6 18. Ne5 Nxc3 19. Rxc3 cxb5 20. Bxb5 Rxc3 21. Bxc3 Rc8 22. Qe1 Bd8 23. f3 Qc7 24. Nc6 Ra8 25. Qd2 Kf8 26. Rc1 Qb6 27. Nxa5 Ne8 28. Bb4+ Be7 29. Nc6 Bxb4 30. Qxb4+ Kg8 31. Ne7+ Kh7 32. Qc5 Qxc5 33. dxc5 Nc7 34. Nxf5 exf5 35. Bd7 Kg6 36. Rb1 Ra7 37. c6 Rxa4 38. Rb7 Ne6 39. c7 Ra1+ 40. Kf2 Nxc7 41. Rxc7 Ra2+ 42. Kg3 Kf6 43. Be8 Re2 44. Bxf7 Rxe3 45. Bxd5 g5 46. Rc6+ Kg7 47. Rc7+ Kh8 48. Bf7 Re2 49. Bg6 f4+ 50. Kh3 Kg8 51. Bh5 Rb2 52. Bg6 Rd2 53. Rc2 Rd6 54. Bh5 Rd7 55. Kg4 Kg7 56. Be8 Re7 57. Bc6 Rf7 58. Be4 Rd7 59. Rc6 Rd2 60. Rg6+ 1-0

[Event "SLO-ch U20 qual"]
[Site "Otocec"]
[Date "2010.07.06"]
[Round "1"]
[White "Copi, Ambroz"]
[Black "Budkovic, Tine"]
[Result "1/2-1/2"]
[WhiteElo "1567"]
[BlackElo "2068"]
[PlyCount "57"]
[EventDate "2010.07.06"]
[EventType "swiss"]
[EventRounds "9"]
[EventCountry "SLO"]
[SourceTitle "EXT 2012"]
[Source "ChessBase"]
[SourceDate "2011.11.24"]
[SourceVersion "1"]
[SourceVersionDate "2011.11.24"]
[SourceQuality "1"]

1. d4 d5 2. c4 Nf6 3. Nc3 c6 4. Bg5 e6 5. e3 Nbd7 6. Nf3 Be7 7. Bd3 h6 8. Bh4 Nb6 9. c5 Nbd7 10. 0-0 0-0 11. Re1 b6 12. b4 Bb7 13. h3 a5 14. a3 Ba6 15. Qe2 Bxd3 16. Qxd3 axb4 17. axb4 Qc7 18. Ra6 b5 19. Rea1 Rxa6 20. Rxa6 Qb7 21. Ra2 Ra8 22. Qb1 Ra6 23. Qa1 Nb8 24. Ne5 Rxa2 25. Qxa2 Bd8 26. Nb1 Bc7 27. Bxf6 gxf6 28. Ng4 Kg7 29. Nc3 1/2-1/2

[Event "SLO-chT2"]
[Site "Ljubljana"]
[Date "2007.11.16"]
[Round "2.5"]
[White "Jokovic, Dusan"]
[Black "Budkovic, Tine"]
[Result "1-0"]
[WhiteElo "2171"]
[BlackElo "2109"]
[PlyCount "53"]
[EventDate "2007.11.15"]
[EventType "team"]
[EventRounds "9"]
[EventCountry "SLO"]
[SourceTitle "CBM 121 Extra"]
[Source "ChessBase"]
[SourceDate "2008.01.10"]
[SourceVersion "1"]
[SourceVersionDate "2008.01.10"]
[SourceQuality "1"]
[WhiteTeam "Gorenjka Lesce"]
[BlackTeam "Komenda"]
[WhiteTeamCountry "SLO"]
[BlackTeamCountry "SLO"]

1. d4 d5 2. c4 c6 3. Nf3 Nf6 4. Nc3 dxc4 5. a4 Bf5 6. e3 e6 7. Bxc4 Be7 8. 0-0 Ne4 9. Qe2 0-0 10. Ne5 Nd7 11. Nd3 c5 12. f3 Nd6 13. Ba2 cxd4 14. exd4 Qb6 15. Be3 Bxd3 16. Qxd3 Nf5 17. Bf2 Qxb2 18. Rfb1 Qa3 19. Bxe6 fxe6 20. Rxa3 Bxa3 21. Rxb7 Rfd8 22. Ne4 Be7 23. g4 Nd6 24. Nxd6 Bxd6 25. Qb3 Nf8 26. d5 e5 27. Rxa7 1-0

[Event "SLO-ch qual"]
[Site "Ljubljana"]
[Date "2007.07.08"]
[Round "5"]
[White "Lacic, Marjan"]
[Black "Budkovic, Tine"]
[Result "1-0"]
[WhiteElo "2076"]
[BlackElo "2101"]
[PlyCount "73"]
[EventDate "2007.07.05"]
[EventType "swiss"]
[EventRounds "9"]
[EventCountry "SLO"]
[SourceTitle "EXT 2010"]
[Source "ChessBase"]
[SourceDate "2010.11.25"]
[SourceVersion "1"]
[SourceVersionDate "2010.11.25"]
[SourceQuality "1"]

1. e4 c6 2. d4 d5 3. exd5 cxd5 4. Bd3 Nc6 5. c3 Nf6 6. Bf4 Qb6 7. Qb3 Qa5 8. Nd2 e6 9. h3 Be7 10. Ngf3 a6 11. 0-0 0-0 12. Ne5 Nh5 13. Nxc6 bxc6 14. Bh2 c5 15. Qd1 Nf6 16. Nb3 Qb6 17. dxc5 Bxc5 18. Nxc5 Qxc5 19. Be5 Qe7 20. f4 Nd7 21. Bd4 Nc5 22. b4 Nb7 23. Qh5 g6 24. Qe2 Nd6 25. Bc5 Rd8 26. Rae1 Qc7 27. Qe3 Qd7 28. g4 f6 29. Bd4 Rf8 30. g5 Ne8 31. gxf6 Kf7 32. f5 gxf5 33. Qh6 Kg8 34. Kh1 Qf7 35. Rg1+ Kh8 36. Be2 Nxf6 37. Bh5 1-0

[Event "SLO-ch qual"]
[Site "Ljubljana"]
[Date "2007.07.06"]
[Round "2"]
[White "Budkovic, Tine"]
[Black "Juric, Marko"]
[Result "1-0"]
[WhiteElo "2101"]
[BlackElo "1816"]
[PlyCount "49"]
[EventDate "2007.07.05"]
[EventType "swiss"]
[EventRounds "9"]
[EventCountry "SLO"]
[SourceTitle "EXT 2010"]
[Source "ChessBase"]
[SourceDate "2010.11.25"]
[SourceVersion "1"]
[SourceVersionDate "2010.11.25"]
[SourceQuality "1"]

1. e4 c5 2. Nf3 g6 3. Nc3 Bg7 4. Bc4 a6 5. a3 Nc6 6. d3 e6 7. 0-0 Nge7 8. Bf4 d6 9. Re1 0-0 10. Qd2 b5 11. Ba2 Bb7 12. Bh6 d5 13. Bxg7 Kxg7 14. exd5 exd5 15. Re2 Qd6 16. Rae1 Rae8 17. Nxd5 Bc8 18. Nxe7 Nxe7 19. Qc3+ f6 20. Ng5 Nd5 21. Bxd5 Rxe2 22. Rxe2 Qxd5 23. Re7+ Kg8 24. Ne4 Bb7 25. f3 1-0

[Event "Nova Gorica op-B 12th"]
[Site "Nova Gorica"]
[Date "2007.01.29"]
[Round "5"]
[White "Budkovic, Tine"]
[Black "Ursic, Simona"]
[Result "0-1"]
[WhiteElo "2129"]
[BlackElo "2089"]
[PlyCount "100"]
[EventDate "2007.01.26"]
[EventType "swiss"]
[EventRounds "9"]
[EventCountry "SLO"]
[SourceTitle "CBM 116 Extra"]
[Source "ChessBase"]
[SourceDate "2007.03.07"]
[SourceVersion "1"]
[SourceVersionDate "2007.03.07"]
[SourceQuality "1"]

1. e4 e5 2. Nf3 Nc6 3. Nc3 Nf6 4. Bb5 Bb4 5. Bxc6 dxc6 6. d3 Qe7 7. h3 0-0 8. Bd2 a6 9. Ne2 Nh5 10. a3 Bd6 11. Bc3 f5 12. exf5 Bxf5 13. g4 Bd7 14. Nd2 Bc5 15. Ne4 Nf4 16. Nxf4 Rxf4 17. Qe2 Bd4 18. Bd2 Rf7 19. 0-0-0 Raf8 20. Be3 b5 21. Rdf1 Bxe3+ 22. fxe3 c5 23. Rxf7 Qxf7 24. Rh2 Qd5 25. Nc3 Qf7 26. Nd1 Bc6 27. Rf2 Qe7 28. Rxf8+ Qxf8 29. Qf2 Qe7 30. Qf5 Bb7 31. e4 g6 32. Qf2 Qd6 33. h4 Bc8 34. Ne3 c6 35. Qf3 a5 36. h5 Qe6 37. g5 Qe7 38. hxg6 hxg6 39. Qg3 Bd7 40. Ng2 Qf7 41. Nh4 Qf1+ 42. Kd2 Bg4 43. Qxg4 Qf2+ 44. Kc1 Qe1+ 45. Qd1 Qxh4 46. Qg1 c4 47. Qe3 cxd3 48. cxd3 Qg4 49. Kc2 a4 50. Kc3 Qd1 0-1

[Event "Nova Gorica op-B 12th"]
[Site "Nova Gorica"]
[Date "2007.01.26"]
[Round "1"]
[White "Budkovic, Tine"]
[Black "Drnovsek, Nejc"]
[Result "0-1"]
[WhiteElo "2129"]
[BlackElo "1760"]
[PlyCount "120"]
[EventDate "2007.01.26"]
[EventType "swiss"]
[EventRounds "9"]
[EventCountry "SLO"]
[SourceTitle "CBM 116 Extra"]
[Source "ChessBase"]
[SourceDate "2007.03.07"]
[SourceVersion "1"]
[SourceVersionDate "2007.03.07"]
[SourceQuality "1"]

1. e4 e5 2. Nf3 Nc6 3. Bc4 Bc5 4. d3 d6 5. h3 Nf6 6. Nc3 a6 7. Bg5 h6 8. Bh4 0-0 9. Qd2 Be6 10. Nd5 Bxd5 11. Bxd5 Nb4 12. Bb3 a5 13. a3 Nc6 14. g4 Nd4 15. Nxd4 Bxd4 16. c3 Bb6 17. g5 Nh7 18. Rg1 Nxg5 19. Bxg5 hxg5 20. h4 g6 21. hxg5 Kg7 22. 0-0-0 Rh8 23. Rh1 Qe7 24. f4 f6 25. Rdf1 fxg5 26. fxe5 Rxh1 27. Rxh1 Qxe5 28. Qg2 Rh8 29. Rxh8 Kxh8 30. Qh3+ Kg7 31. Qd7+ Kh6 32. Bg8 Qf4+ 33. Kb1 g4 34. Be6 Qf1+ 35. Ka2 g3 36. Qe7 Qf4 37. Bh3 Kh5 38. Qh7+ Kg5 39. Qe7+ Kh6 40. d4 Kh5 41. Qh7+ Qh6 42. Qf7 Kh4 43. Bg2 Qg5 44. Bf3 g2 45. Bxg2 Qxg2 46. Qf4+ Kh5 47. e5 dxe5 48. dxe5 Qd5+ 49. Ka1 g5 50. Qf6 Bc5 51. b4 axb4 52. axb4 Be3 53. e6 Qd1+ 54. Ka2 Qc2+ 55. Ka1 Bd2 56. Qf3+ Kh4 57. Qh1+ Kg4 58. Qg1+ Kf5 59. Qc5+ Kxe6 60. Qc4+ Kf6 0-1

[Event "SLO-chT1 West"]
[Site "Otocec"]
[Date "2006.11.25"]
[Round "7"]
[White "Volf, Ziga"]
[Black "Budkovic, Tine"]
[Result "0-1"]
[WhiteElo "2193"]
[BlackElo "2112"]
[PlyCount "110"]
[EventDate "2006.11.16"]
[EventType "team"]
[EventRounds "9"]
[EventCountry "SLO"]
[SourceTitle "EXT 2008"]
[Source "ChessBase"]
[SourceDate "2007.11.25"]
[SourceVersion "1"]
[SourceVersionDate "2007.11.25"]
[SourceQuality "1"]

1. d4 d5 2. c4 c6 3. Nf3 Nf6 4. Nc3 e6 5. Bg5 Nbd7 6. cxd5 cxd5 7. e3 Bb4 8. Qb3 Qa5 9. Bxf6 Nxf6 10. a3 Bxc3+ 11. Qxc3 Qxc3+ 12. bxc3 0-0 13. c4 dxc4 14. Bxc4 Bd7 15. Ne5 Rac8 16. Nxd7 Nxd7 17. Be2 Rc3 18. a4 Rfc8 19. 0-0 Kf8 20. a5 Rb3 21. Bf3 Ke7 22. Rfb1 Rxb1+ 23. Rxb1 b6 24. a6 Rc3 25. Ra1 Nb8 26. h4 Kd6 27. Bb7 Nc6 28. g4 Kc7 29. g5 b5 30. Rd1 Kb6 31. d5 exd5 32. Rxd5 b4 33. Rd1 b3 34. Rb1 Kb5 35. Bc8 Ne5 36. Bf5 g6 37. Be4 Kb4 38. f4 Nc4 39. Bd5 b2 40. Kf2 Rc2+ 41. Kg3 Nd2 42. Rxb2+ Rxb2 43. Bxf7 Rc2 44. h5 gxh5 45. f5 Kc5 46. g6 hxg6 47. fxg6 Kd6 48. g7 Ne4+ 49. Kf3 Nf6 50. g8Q Nxg8 51. Bxg8 Rc1 52. Kg2 Ra1 53. Bc4 Ke5 54. Kg3 Ke4 55. Kh4 Rh1+ 0-1

[Event "SLO-chT1 West"]
[Site "Otocec"]
[Date "2006.11.18"]
[Round "4"]
[White "Budkovic, Tine"]
[Black "Ursic, Simona"]
[Result "1/2-1/2"]
[WhiteElo "2112"]
[BlackElo "2100"]
[PlyCount "100"]
[EventDate "2006.11.16"]
[EventType "team"]
[EventRounds "9"]
[EventCountry "SLO"]
[SourceTitle "EXT 2008"]
[Source "ChessBase"]
[SourceDate "2007.11.25"]
[SourceVersion "1"]
[SourceVersionDate "2007.11.25"]
[SourceQuality "1"]

1. e4 e5 2. Nf3 Nc6 3. Nc3 Nf6 4. Bb5 Bb4 5. Bxc6 dxc6 6. d3 Qe7 7. h3 0-0 8. 0-0 Bd7 9. Ne2 Rad8 10. Ng3 c5 11. Qe2 Ne8 12. Be3 c6 13. a3 Ba5 14. b4 Bb6 15. Rfb1 Bc8 16. Nd2 cxb4 17. Bxb6 axb6 18. axb4 b5 19. Ndf1 Nc7 20. Ne3 Qg5 21. Nef5 g6 22. Qe3 Qxe3 23. Nxe3 Ne6 24. Ne2 Rd6 25. Ra8 Nc7 26. Raa1 Ne6 27. g4 f6 28. Kg2 Kf7 29. Rf1 Ke7 30. Kg3 Nd4 31. Nxd4 Rxd4 32. Rfb1 f5 33. exf5 gxf5 34. Nxf5+ Bxf5 35. gxf5 Rxf5 36. Ra7 Rg5+ 37. Kh2 Rf4 38. Rxb7+ Kd6 39. Rf1 h5 40. c4 bxc4 41. dxc4 Rxc4 42. b5 cxb5 43. Rxb5 Rf4 44. Rb2 Ke6 45. Rb3 h4 46. Rb2 Kf5 47. Rg1 Rxg1 48. Kxg1 Rd4 49. Rb8 Kf4 50. Kg2 Kf5 1/2-1/2

[Event "Kranj op 2nd"]
[Site "Kranj"]
[Date "2005.07.03"]
[Round "7"]
[White "Budkovic, Tine"]
[Black "Skok, Boris"]
[Result "1-0"]
[WhiteElo "1844"]
[BlackElo "2114"]
[PlyCount "149"]
[EventDate "2005.06.??"]
[EventType "swiss"]
[EventRounds "9"]
[EventCountry "SLO"]
[SourceTitle "EXT 2006"]
[Source "ChessBase"]
[SourceDate "2005.11.24"]
[SourceVersion "1"]
[SourceVersionDate "2005.11.24"]
[SourceQuality "1"]

1. e4 c5 2. Nf3 Nc6 3. Bb5 g6 4. Nc3 Bg7 5. Bxc6 bxc6 6. 0-0 e5 7. d3 d6 8. h3 Ne7 9. Nh2 0-0 10. f4 f6 11. fxe5 fxe5 12. Bd2 Be6 13. Qe2 Qd7 14. Rxf8+ Rxf8 15. Rf1 Rxf1+ 16. Qxf1 h6 17. Qc1 Kh7 18. b3 Ng8 19. Qa3 Nf6 20. Nd1 Nh5 21. Nf1 Nf4 22. Nf2 Ne2+ 23. Kh2 Qf7 24. Be3 h5 25. Ng3 Nd4 26. Bxd4 exd4 27. Kg1 Bh6 28. Qa5 Be3 29. Qe1 Bg5 30. Nf1 Qf4 31. Nh1 Kg7 32. Qg3 Qc1 33. Qxd6 Be3+ 34. Nf2 Qe1 35. Qg3 Kh6 36. Qf3 Kg7 37. a4 g5 38. e5 Bd5 39. Qf6+ Kg8 40. e6 Bxf2+ 41. Qxf2 Qxe6 42. Qg3 Qe7 43. Nd2 Qe3+ 44. Qxe3 dxe3 45. Nf3 g4 46. hxg4 hxg4 47. Ne1 g3 48. Kf1 Kg7 49. Ke2 Kf6 50. Kxe3 Ke5 51. c4 Bf7 52. Nf3+ Kf5 53. d4 Bh5 54. dxc5 Kf6 55. Nd4 Bd1 56. Kd2 Bg4 57. Ne2 Ke5 58. Kd3 Bf5+ 59. Kc3 Be4 60. Nxg3 Bxg2 61. b4 Ke6 62. b5 Kd7 63. Nf5 Kc7 64. Nd4 Bh1 65. Nxc6 Bxc6 66. bxc6 a5 67. Kd3 Kd8 68. Ke4 Kc8 69. c7 Kxc7 70. Kd5 Kd7 71. c6+ Kc7 72. Kc5 Kb8 73. Kb6 Ka8 74. Kc7 Ka7 75. Kd8 1-0

[Event "Kranj op 2nd"]
[Site "Kranj"]
[Date "2005.07.02"]
[Round "5"]
[White "Zvan, Ziga"]
[Black "Budkovic, Tine"]
[Result "1-0"]
[WhiteElo "2203"]
[BlackElo "1844"]
[PlyCount "123"]
[EventDate "2005.06.??"]
[EventType "swiss"]
[EventRounds "9"]
[EventCountry "SLO"]
[SourceTitle "EXT 2006"]
[Source "ChessBase"]
[SourceDate "2005.11.24"]
[SourceVersion "1"]
[SourceVersionDate "2005.11.24"]
[SourceQuality "1"]

1. e4 c6 2. d4 d5 3. exd5 cxd5 4. c4 Nf6 5. Nc3 Nc6 6. Nf3 Bg4 7. cxd5 Nxd5 8. Qb3 Nb6 9. Ne5 Nxe5 10. dxe5 Bd7 11. Be3 e6 12. Rd1 Qc7 13. Bb5 Rd8 14. 0-0 Bc6 15. Rxd8+ Kxd8 16. Rd1+ Kc8 17. a4 Kb8 18. a5 Nd7 19. Bxc6 Qxc6 20. Nb5 Bc5 21. Rxd7 Bxe3 22. Qxe3 Qxb5 23. Rxf7 Qxb2 24. h4 Qa1+ 25. Kh2 Qxa5 26. Rxg7 Qb4 27. Qg5 a5 28. Rg8+ Rxg8 29. Qxg8+ Ka7 30. Qxe6 Qxh4+ 31. Kg1 Qe4 32. Qf6 a4 33. e6 a3 34. e7 a2 35. Kh2 Qa4 36. f4 a1Q 37. Qxa1 Qxa1 38. e8Q Qf6 39. g3 Kb6 40. Qe4 Qh6+ 41. Kg1 Qh3 42. Qf3 h5 43. f5 h4 44. Qf2+ Kc7 45. Qf4+ Kd7 46. gxh4 Ke7 47. Qg5+ Kf8 48. h5 Qf3 49. Qf6+ Kg8 50. Qe6+ Kh7 51. f6 Qg3+ 52. Kf1 Qf3+ 53. Ke1 Qh1+ 54. Kd2 Qg2+ 55. Kc3 Qg3+ 56. Kd4 Qf2+ 57. Ke5 Qh2+ 58. Kd4 Qd2+ 59. Kc5 Qa5+ 60. Kd6 Qb6+ 61. Kd7 Qd4+ 62. Ke8 1-0

[Event "SLO-chT2 West"]
[Site "Kranj"]
[Date "2004.10.16"]
[Round "2.2"]
[White "Spendal, Barbara"]
[Black "Budkovic, Tine"]
[Result "0-1"]
[WhiteElo "1688"]
[BlackElo "1824"]
[PlyCount "98"]
[EventDate "2004.10.15"]
[EventType "team"]
[EventRounds "3"]
[EventCountry "SLO"]
[SourceTitle "EXT 2009"]
[Source "ChessBase"]
[SourceDate "2008.11.26"]
[SourceVersion "1"]
[SourceVersionDate "2008.11.26"]
[SourceQuality "1"]

1. e4 c6 2. d4 d5 3. e5 Bf5 4. Bd3 Bxd3 5. Qxd3 e6 6. Nf3 Qb6 7. Nbd2 c5 8. Qb3 Qxb3 9. Nxb3 cxd4 10. Nfxd4 Nc6 11. f4 Nxd4 12. Nxd4 g6 13. Bd2 Bc5 14. Nb3 Rc8 15. Nxc5 Rxc5 16. 0-0-0 b6 17. Rhf1 Ne7 18. g4 h5 19. h3 Kd7 20. Kb1 Rc4 21. c3 Re4 22. Rf2 hxg4 23. hxg4 Rh4 24. Rg2 g5 25. Rf1 gxf4 26. Bxf4 Ke8 27. Rgf2 Rxg4 28. Bc1 Nf5 29. Bf4 Ke7 30. Kc2 Rc4 31. Kb1 Rc8 32. Rh1 Rcg8 33. Rhh2 Rh4 34. Rxh4 Nxh4 35. Rh2 Rg1+ 36. Kc2 Rg2+ 37. Rxg2 Nxg2 38. Bg5+ Kf8 39. Kd2 Kg7 40. Ke2 Kg6 41. Bd2 Kf5 42. Kf3 Nh4+ 43. Kg3 Ng6 44. Bh6 Nxe5 45. Bf4 Nd3 46. Bb8 Nxb2 47. Bxa7 Na4 48. Kf3 Nxc3 49. Bxb6 Nxa2 0-1